000 00493nam a2200133Ia 4500
008 160809s9999 xx 000 0 und d
100 _aAspland, Tania.
245 _aCURRICULUM POLICIES FOR STUDENTS WITH SPECIAL NEEDS IN AUSTRALIA
245 _cTania Aspland Poulomee Datta Joy Talukdar University of Adelaide.
260 _bInternational Journal of Special Education
260 _c2012
650 _xSPECIAL EDUCATION
856 _uhttp://www.internationaljournalofspecialed.com/issues.php
999 _c300368
_d300368